000 00716nam a22001817a 4500
005 20241127124155.0
010 _aHIN-128821
020 _a9789395911924
_c550.00
035 _aHN-101167
037 _bDBAD
082 _a613
100 _aभाटिया, मनीष
_974130
245 _aस्वस्थ रहें , मस्त रहें /
_cमनीष भाटिया
260 _aदिल्ली
_bअंकित पब्लिकेशन
_c2024
270 _aआर-69, तीसरा तल माडल टाउन-3 ,
_bदिल्ली
_e110009
300 _a175पृ.
_c22सेमी(सजिल्द)
942 _2ddc
_cHN
_h613
_mभाटिया
999 _c207070
_d207070